| 000 | 00396 a2200109 4500 | ||
|---|---|---|---|
| 001 | ART_40053 | ||
| 005 | 20260410161842.0 | ||
| 008 | 260409a | ||
| 245 | 1 | 0 | _aLa firma en disconformidad en el ámbito de la Ley Nº 19.549 y su reglamentación ¿importa la interposición de un recurso? |
| 100 | 1 | _aTorres, Ismael F. | |
| 773 | 0 |
_tRAP _g- Año 23, Nº 266 (nov. 2000) _wREV5941 |
|
| 999 |
_c24169 _d24169 |
||